Équipes nationales jamais qualifiées pour les Championnats d'Europe - Statistiques

Statistiques générales
  • Ce quiz a été pris 108 fois
    93 depuis la dernière actualisation
  • Le résultat moyen est 14 sur 19
Statistiques - réponses
Équipe % Correct
Saint-Marin
96%
Estonie
94%
Lituanie
94%
Andorre
89%
Liechtenstein
85%
Biélorussie
84%
Luxembourg
84%
Kosovo
83%
Malte
83%
Moldavie
81%
Chypre
76%
Arménie
73%
Monténégro
72%
Gibraltar
70%
Bosnie et Herzégovine
58%
Azerbaïdjan
56%
Israël
55%
Îles Féroé
52%
Kazakhstan
48%
Aucun quiz correspondant
Distribution des résultats
% des personnes avec chaque résultat
Percentile par nombre de réponses
Votre historique - résultats
Vous n’avez pas pris ce quiz depuis la dernière actualisation